000 00959cam a22002652 4500
001 0000020078
005 20151217155905.0
008 110628s xx 000 0 eng d
040 _aKABU
_cKABU
100 1 _aGhai, Y. P.
_@0000180141
245 1 0 _aPublic law and political change in Kenya :
_ba study of the legal framework of government from colonial times to the present /
_cY. P. Ghai and J. P. W. B. McAuslan.
250 _a1st ed.
260 _aNairobi :
_bO. U. P.,
_c1970.
300 _app. 258 - 309.
500 _aPhotocopy.
650 0 _aPublic law
_zKenya.
_@0000180142
651 0 _aKenya
_xPolitics and government.
_@0000149793
700 1 _aMcAuslan, J. P. W. B.
_@0000178056
908 _a110628
950 _@1
999 _c13772
_d13772